Gương sáng ngàn đời
Nhân kỷ niệm lần thứ 126, ngày hy sinh của Nguyễn Hữu Huân (1875 – 2001) và kỷ niệm lần thứ 137, ngày tử tiết của Trương Định, Nhà xuất bản Trẻ cho ra mắt bạn đọc tập Gương Sáng Ngàn Đời .
Guardado en:
| Autor principal: | |
|---|---|
| Formato: | Libro |
| Lenguaje: | Undetermined |
| Publicado: |
Thành phố Hồ Chí Minh
Trẻ
2001
|
| Materias: | |
| Etiquetas: |
Agregar Etiqueta
Sin Etiquetas, Sea el primero en etiquetar este registro!
|
| Thư viện lưu trữ: | Trung tâm Học liệu Trường Đại học Cần Thơ |
|---|
| LEADER | 00917nam a2200217Ia 4500 | ||
|---|---|---|---|
| 001 | CTU_44078 | ||
| 008 | 210402s9999 xx 000 0 und d | ||
| 020 | |c 29400 | ||
| 082 | |a 895.92209 | ||
| 082 | |b B108g | ||
| 100 | |a Bảo Định Giang | ||
| 245 | 0 | |a Gương sáng ngàn đời | |
| 245 | 0 | |c Bảo Định Giang, Nguyễn QuảngTuân, Huỳnh Lứa | |
| 260 | |a Thành phố Hồ Chí Minh | ||
| 260 | |b Trẻ | ||
| 260 | |c 2001 | ||
| 520 | |a Nhân kỷ niệm lần thứ 126, ngày hy sinh của Nguyễn Hữu Huân (1875 – 2001) và kỷ niệm lần thứ 137, ngày tử tiết của Trương Định, Nhà xuất bản Trẻ cho ra mắt bạn đọc tập Gương Sáng Ngàn Đời . | ||
| 650 | |a Vietnamese literature | ||
| 650 | |x History and criticism | ||
| 904 | |i Năm | ||
| 980 | |a Trung tâm Học liệu Trường Đại học Cần Thơ | ||